00401nam a2200181Ia 4500003000900000008004100009040001300050040001300063041000800076100002400084245003400108250001100142260002800153260000900181300001100190300001200201490000600213IT-RoPAU120407s9999 xx 000 0 und d aIT-RoPAU cIT-RoPAU aita aPier Carlo Landucci aIl mistero dell’anima umana aAssisi aPro Civitate Christiana c1952 a380 p. c19,5 cm v1